| 000 | 00000nam##2200000za#4500 |
| 001 | 9.662239 |
| 003 | CaOODSP |
| 005 | 20200401064231 |
| 007 | ta |
| 008 | 150407|2000||||xxc||||| f|0| 0 eng|d |
| 020 | |a0-662-65281-9 |
| 040 | |aCaOODSP|beng |
| 041 | |aeng |
| 041 | |afre |
| 043 | |an-cn--- |
| 086 | 1 |aSW21-48/2000 |
| 110 | 1 |aCanada. |bStatus of Women Canada. |
| 245 | 10|aBuilding capacity : |benhancing women's economic participation through housing / |cby Laura C. Johnson and Allison Ruddock. |
| 260 | |aOttawa - Ontario : |bStatus of Women Canada |c2000. |
| 500 | |aN.B.: Incorrect catalogue number (SW21-48/2000E) and ISBN (0-662-28615-4) printed in this publication. "This study examines whether affordable housing development and provision can be used to increase skill levels and employability for low-income women. The study reviews the broad literature relating housing and employment to increased self-sufficiency."--Executive summary. |
| 500 | |aN.B.: Incorrect catalogue number and ISBN printed in this publication. |
| 504 | |aBibliography. |
| 546 | |aBilingual |
| 563 | |aSoftcover |
| 590 | |a00-39|b2000-09-29 |
| 690 | 07|aStatus of women|2gcpds |
| 690 | 07|aPoverty|2gcpds |
| 690 | 07|aSubsidized housing|2gcpds |
| 690 | 07|aAid programs|2gcpds |
| 720 | 1 |aJohnson, Laura C. |
| 720 | 1 |aRuddock, Allison |
| 776 | 0#|tLa création des capacités : |w(CaOODSP)9.632868 |
| 776 | 0#|tBuilding capacity : |w(CaOODSP)9.688444 |
| 792 | |tLa création de capacités : |efre|w(CaOODSP)9.662240 |